01135cam a2200229 a 45000010005000000030008000050050017000130080041000300350050000710400027001210410008001480820025001561100011001812450461001922460056006532600038007093000037007475040019007846100011008036500055008147000036008694193BD-RjUL20211208233841.0131222s1951 ii k 00| 0 eng d aOCLC ocm19449243 from D970110Ma(BD-RjUL)4227 cMLLdEQOaBD-RjULbeng aeng 221a346.45bLAW 19511 aIndia.10aLaw & practice of co-operative societies in India :bAct II of 1912 : being an encyclopaedia of co-operation, illuminating notes on the Co-operative societies act, with all up-to-date amendments and rules made by different states with copious notes and the latest case-law and throwing a flood of light on the growth and development of co-operation in diverse fields in the different states with particular reference to banking and audit /cby L.S. Sastri.3 aLaw and practice of co-operative societies in India aAllahabad :bLaw Book Co.,c1951. axxiii, 721 p. :bforms ;c25 cm. aincludes index10aIndia. 0aCooperative societiesxLaw and legislationzIndia.1 aSastri, L. S.q(L. Subrahmanya)